000 00674nam a22001695i 4500
001 161752
003 ES-MaACL
005 20230906212342.0
008 041026s1870 po |||| | por d
040 _aCAM
_bspa
_cCAM
100 1 _aPereira RodrĂ­gues, J. M.
_9130996
245 1 0 _aEscorços biographicos e criticos /
_cpor J.M. Pereira Rodrigues.
260 _aLisboa :
_b[s.n.],
_c1870 (
_fTypographia Universal de Thomaz Quintino Antunes)
300 _a139 p. ;
_c17 cm.
505 8 _aContiene: Auber, Damoreau, Rossi-Caccia, Ristori, Nery Baraldi, Beneventano
852 _aES-MaACL
_jT-641-F-1
_z-- Enc. hol. conservando la cub. original
_z-- Enc. en un vol. facticio
999 _c161752
_d161752